000 00394nam a2200157Ia 4500
003 LK-CoDNM
008 010623t1925 xxu||||| |||| 00| 1 sin d
040 _aLK-CoDNM
_dLK-CoDNM
_eLK-CoDNM
041 _asin
080 _a104 C 8
245 _aවන්දනා කව් ලකර
246 _aVandana Kaw Lakara
260 _bRupaSiri
_aColombo
_c1925
300 _b15p, 21 cm
942 _cBK
999 _c93050
_d93050